Environmental asthma. (Record no. 851)
[ view plain ]
| 000 -LEADER | |
|---|---|
| fixed length control field | 00759nam a22002537a 4500 |
| 008 - FIXED-LENGTH DATA ELEMENTS--GENERAL INFORMATION | |
| fixed length control field | 131118b xxu||||| |||| 00| 0 eng d |
| 020 ## - INTERNATIONAL STANDARD BOOK NUMBER | |
| International Standard Book Number | 0-8247-0301-4 |
| 024 ## - OTHER STANDARD IDENTIFIER | |
| Terms of availability | Available |
| 037 ## - SOURCE OF ACQUISITION | |
| Terms of availability | Available |
| 040 ## - CATALOGING SOURCE | |
| Original cataloging agency | MBSTU LIBRARY |
| Modifying agency | MBSTU LIBRARY |
| 082 ## - DEWEY DECIMAL CLASSIFICATION NUMBER | |
| Edition number | 22 |
| Classification number | 616.238071 BUE |
| 100 ## - MAIN ENTRY--PERSONAL NAME | |
| Personal name | Bush, Robert K. |
| 245 ## - TITLE STATEMENT | |
| Title | Environmental asthma. |
| 260 ## - PUBLICATION, DISTRIBUTION, ETC. (IMPRINT) | |
| Place of publication, distribution, etc. | New York. |
| Name of publisher, distributor, etc. | Marcel, Dekker, Inc. |
| Date of publication, distribution, etc. | 2001 |
| 300 ## - PHYSICAL DESCRIPTION | |
| Extent | 24 cm. |
| Other physical details | 370 page |
| Type of unit | 1 |
| Size of unit | 24 cm. |
| 600 ## - SUBJECT ADDED ENTRY--PERSONAL NAME | |
| Source of heading or term | Asthma- environmental aspects. |
| 650 ## - SUBJECT ADDED ENTRY--TOPICAL TERM | |
| Source of heading or term | Asthma- environmental aspects. |
| 700 ## - ADDED ENTRY--PERSONAL NAME | |
| Personal name | Bush, Robert K. |
| 710 ## - ADDED ENTRY--CORPORATE NAME | |
| Corporate name or jurisdiction name as entry element | . |
| 270 ## - ADDRESS | |
| Address | New York |
| City | New York. |
| Country | USA |
| 365 ## - TRADE PRICE | |
| Price amount | 13200.00 |
| Unit of pricing | 13200.00 |
| 942 ## - ADDED ENTRY ELEMENTS (KOHA) | |
| Source of classification or shelving scheme | |
| Koha item type | Books |
No items available.
